| 000 | 00865cam a22002653a 4500 | ||
|---|---|---|---|
| 001 | 29186 | ||
| 003 | PGUSA | ||
| 005 | 20140828083630.0 | ||
| 008 | 090621s2009||||xxu|||||s|||||000 | eng d | ||
| 040 |
_aPGUSA _beng |
||
| 042 | _adc | ||
| 050 | 4 | _aHV | |
| 100 | 1 |
_aNational Security Council _q(U.S.) |
|
| 245 | 1 | 0 |
_aNational Strategy for Combating Terrorism : _bSeptember 2006 _h[electronic resource] / _cNational Security Council |
| 260 |
_bProject Gutenberg, _c2009 |
||
| 506 | _aPublic domain in the USA. | ||
| 516 | _aElectronic text | ||
| 653 | _aUnited States -- Military policy | ||
| 653 | _aWar on Terrorism, 2001- | ||
| 653 | _aNational security -- United States | ||
| 653 | _aTerrorism -- Prevention -- Government policy -- United States | ||
| 830 | 0 |
_aProject Gutenberg _v29186 |
|
| 856 | 4 | 0 | _uhttp://www.gutenberg.org/ebooks/29186 |
| 942 | _cEB | ||
| 999 |
_c258441 _d258441 |
||